书目信息 |
| 题名: |
杨式太极拳阐秘
|
|
| 作者: | 庞大明 著 | |
| 分册: | ||
| 出版信息: | 北京 人民体育出版社 2007 |
|
| 页数: | 325页 | |
| 开本: | 21cm | |
| 丛书名: | ||
| 单 册: | ||
| 中图分类: | G852.111.9 | |
| 科图分类: | ||
| 主题词: | 太极拳--套路(武术) , 太极拳 , 套路(武术) | |
| 电子资源: | ||
| ISBN: | 978-7-5009-3133-1 | |
| 000 | 00826nam0 2200265 45 | |
| 001 | 1132082952 | |
| 005 | 20110314091009.79 | |
| 010 | @a978-7-5009-3133-1@dCNY19.00 | |
| 100 | @a20110120e20082007em y0chiy50 ea | |
| 101 | 0 | @achi |
| 102 | @aCN@b110000 | |
| 105 | @aa z 000yy | |
| 106 | @ar | |
| 200 | 1 | @a杨式太极拳阐秘@AYang Shi Tai Ji Quan Chan Mi@f庞大明著@FPang Da Ming Zhu |
| 210 | @a北京@c人民体育出版社@d2007@h2008 | |
| 215 | @a325页@c图@d21cm | |
| 330 | @a本书详解杨式太极拳的基本要领,杨式太极拳八十五式虚腿拳架及推手,比较虚腿拳架与实腿拳架之异同等内容。 | |
| 606 | 0 | @a太极拳@x套路(武术) |
| 606 | 0 | @a太极拳 |
| 606 | 0 | @a套路(武术) |
| 610 | 0 | @a杨式太极拳 |
| 690 | @aG852.111.9@v4 | |
| 701 | 0 | @a庞大明@APang Da Ming@4著 |
| 801 | 0 | @aCN@bTANGWEI@c20110314 |
| 905 | @b0532426-29@dG852.111.9@e256@f4 | |
| 杨式太极拳阐秘/庞大明著.-北京:人民体育出版社,2007(2008) |
| 325页:图;21cm |
| ISBN 978-7-5009-3133-1:CNY19.00 |
| 本书详解杨式太极拳的基本要领,杨式太极拳八十五式虚腿拳架及推手,比较虚腿拳架与实腿拳架之异同等内容。 |
| ● |
| 相关链接 |
|
|
|
|
正题名:杨式太极拳阐秘
索取号:G852.111.9/256
 
预约/预借
| 序号 | 登录号 | 条形码 | 馆藏地/架位号 | 状态 | 备注 |
| 1 | 0532426 | 205324264 | 第一样本阅览室/ [索取号:G852.111.9/256] | 在馆 | |
| 2 | 0532427 | 205324273 | 密集书库-体育系/ [索取号:G852.111.9/256] | 在馆 | |
| 3 | 0532428 | 205324282 | 第四借阅区/ [索取号:G852.111.9/256] | 在馆 | |
| 4 | 0532429 | 205324291 | 第四借阅区/ [索取号:G852.111.9/256] | 在馆 |